• 首页
  • 本馆介绍
  • 公告通知
  • 最新文献
  • 馆藏检索
  • 电子资源
  • 读者导购
  • 参考咨询
  • 我的图书馆
  • 登录
  • 详细信息显示
  • 放入我的书架
  • 预约/预借图书
  • 作者相关作品
  • 分类相关作品
  • 丛书相关作品
  • 出版社相关作品

书目信息

  • 表格格式
  • 工作单格式
  • 卡片格式
题名:
保护区管理规划指南
    
 
作者: Middleton , Thomas 著 ;陈红梅 , 喻惠群 译
分册:  
出版信息: 北京   中国环境科学出版社  2005
页数: 102页
开本: 21cm
丛书名: IUCN保护区最佳实践指南丛书
单 册:
中图分类: X36
科图分类:
主题词: 自然保护区--管理 , 自然堡区 , 自然堡区--环境管理 , 自然保护区
电子资源:
ISBN: 7-80209-100-4
000 01699nam0 2200445 450
000 01662nam0 2200433 450
000 01645nam0 2200433 450
000 01591nam0 2200409 450
000 01554nam0 2200397 450
000 01441nam0 2200361 450
000 01387nam0 2200337 450
000 01405nam0 2200325 450
000 01368nam0 2200313 45
001 06303000261
005 20070804093840.15
010    @a7-80209-100-4@dCNY12.00(全套定价:72.00)
100    @a20060829d2005 em y0chiy0110 ea
101 1  @achi@ceng
102    @aCN@b110000
105    @ay z 000yy
200 1  @a保护区管理规划指南@ABao Hu Qu Guan Li Gui Hua Zhi Nan@dGuidelines for Management Planning of Protected Areas@f(澳) Lee Thomas,Julie Middleton著@F( Ao ) Lee Thomas,Julie Middleton Zhu@g陈红梅, 喻惠群译@zeng
210    @a北京@c中国环境科学出版社@d2005
215    @a102页@d21cm
225 2  @aIUCN保护区最佳实践指南丛书
330    @a本书内容包括保护区的基本概念和定义;解释成功管理规划的要求;描述保护区管理规划的步骤;阐述为了吸引人们参与管理规划需要做的工作;详述管理规划的相关国际标准等。
410  0 @12001 @aIUCN保护区最佳实践指南丛书
510 1  @aGuidelines for Management Planning of Protected Areas@zeng
606 0  @a自然保护区@x管理
606 0  @a自然堡区
606 0  @a自然堡区@x环境管理
606 0  @a自然保护区
690    @aX36@v4
701 A1 @aMiddleton@bJulie@4著
701 A1 @aThomas@bLee@4著
702  0 @a陈红梅@AChen Hong Mei@4译
702  0 @a喻惠群@AYu Hui Qun@4译
801  0 @aCN@b中图数据@c20070804
905    @a10447@dX36@e51:2
    
    保护区管理规划指南=Guidelines for Management Planning of Protected Areas/(澳) Lee Thomas,Julie Middleton著/陈红梅, 喻惠群译.-北京:中国环境科学出版社,2005
    102页;21cm.-(IUCN保护区最佳实践指南丛书)
    
    
    ISBN 7-80209-100-4:CNY12.00(全套定价:72.00)
    本书内容包括保护区的基本概念和定义;解释成功管理规划的要求;描述保护区管理规划的步骤;阐述为了吸引人们参与管理规划需要做的工作;详述管理规划的相关国际标准等。
●
相关链接 在E读中查询图书 在五车中查询图书 在当当中查询图书 在豆瓣中查询图书


正题名:保护区管理规划指南     索取号:X36/51:2         预约/预借

序号 登录号 条形码 馆藏地/架位号 状态 备注
1 0608605   206086055   第二样本阅览室/ [索取号:X36/51:2] 在馆    
2 0608606   206086064   第三借阅区/ [索取号:X36/51:2] 在馆    
3 0608607   206086073   第三借阅区/ [索取号:X36/51:2] 在馆    
4 0608608   206086082   第三借阅区/ [索取号:X36/51:2] 在馆    
5 0608609   206086091   第三借阅区/ [索取号:X36/51:2] 在馆    
6 0807855   208078550   第三借阅区/ [索取号:X36/51:2] 在馆    
7 0807856   208078569   第三借阅区/ [索取号:X36/51:2] 在馆    
唐山师范学院图书馆 欢迎您!
大连网信软件有限公司© 版权所有